| 000 | 00519nam a22001457a 4500 | ||
|---|---|---|---|
| 999 |
_c16286 _d16286 |
||
| 008 | 170131b xxu||||| |||| 00| 0 eng d | ||
| 020 | _a0113230006 | ||
| 040 |
_aKABU _cKABU |
||
| 050 |
_aRS141.3 _b.B75 2016 V.I C.1 |
||
| 245 | _aBritish pharmacopoeia 2016 | ||
| 260 |
_aLondon _bMHRA _c2015 |
||
| 300 |
_aI-xxxvii, 1296 p. _eGeneral notes, monographs medicinal & pharamaceutical substances (A-I) |
||
| 650 |
_aPhraracopoeias _zGreat Britain |
||
| 942 |
_2lcc _cBK _hRS141.3 .B75 2015 V.I C.1 |
||